000 00414nam a22001697a 4500
005 20160625153622.0
008 160625b xxu||||| |||| 00| 0 eng d
020 _a81-7273-244-9
041 _aeng
082 _b10236
100 _aRavindra nath P.K.
_92804
245 _aLectures On Blood Cast Journalism
260 _bAuthours Press
_c2004
300 _a95
650 _aMass Communication
_92660
942 _cBK
999 _c4060
_d4059